Quiz zu den Deutschen Landeshauptstädten - Statistiken

Allgemein
  • Dieses Quiz wurde 129 mal gespielt
    36 seit der letzten Aktualisierung
  • Das Durchschnittsergebnis liegt bei 13 aus 16
Antwortstatistiken
Bundesland Haupstadt % Korrekt
Berlin Berlin
100%
Bremen Bremen
100%
Hamburg Hamburg
100%
Bayern München
100%
Baden-Württemberg Stuttgart
90%
Sachsen Dresden
87%
Schleswig-Holstein Kiel
87%
Saarland Saarbrücken
87%
Brandenburg Potsdam
84%
Hessen Wiesbaden
84%
Niedersachsen Hannover
77%
Nordrhein-Westfalen Düsseldorf
74%
Thüringen Erfurt
74%
Sachsen-Anhalt Magdeburg
68%
Rheinland-Pfalz Mainz
65%
Mecklenburg-Vorpommern Schwerin
55%
Keine übereinstimmenden Quizze gefunden
Verteilung der Resultate
Anzahl Personen mit jedem Resultat
Perzentil nach korrekt beantworteten Fragen
Ihre Resultats-Entwicklung
Sie haben dieses Quiz seit der letzten Aktualisierung nicht gespielt